Productivity management text & cases (Record no. 3440)

000 -LEADER
fixed length control field nam a22 a 4500
005 - DATE AND TIME OF LATEST TRANSACTION
control field 20170523085109.0
008 - FIXED-LENGTH DATA ELEMENTS--GENERAL INFORMATION
fixed length control field 170523b1982 enk||||| |||| 00| 0 eng d
020 ## - INTERNATIONAL STANDARD BOOK NUMBER
International Standard Book Number 0030489016 :
040 ## - CATALOGING SOURCE
Original cataloging agency AKMAL
082 04 - DEWEY DECIMAL CLASSIFICATION NUMBER
Classification number 658.503 CHE
090 ## - LOCALLY ASSIGNED LC-TYPE CALL NUMBER (OCLC); LOCAL CALL NUMBER (RLIN)
Classification number (OCLC) (R) ; Classification number, CALL (RLIN) (NR) 658.503
Local cutter number (OCLC) ; Book number/undivided call number, CALL (RLIN) CHE
100 1# - MAIN ENTRY--PERSONAL NAME
Personal name Chen, Gordon K. C
9 (RLIN) 6920
245 10 - TITLE STATEMENT
Title Productivity management text & cases
Statement of responsibility, etc. Gordon K.C. Chen, Robert E. McGarrah.
260 ## - PUBLICATION, DISTRIBUTION, ETC.
Place of publication, distribution, etc. Chicago ;
260 ## - PUBLICATION, DISTRIBUTION, ETC.
Place of publication, distribution, etc. London :
Name of publisher, distributor, etc. Dryden
Date of publication, distribution, etc. c1982.
300 ## - PHYSICAL DESCRIPTION
Extent xii,542p. :
Other physical details ill., 2maps,plans ;
Dimensions 25cm
500 ## - GENERAL NOTE
General note Includes index.
650 #0 - SUBJECT ADDED ENTRY--TOPICAL TERM
Topical term or geographic name entry element Industrial productivity.
9 (RLIN) 6631
650 #0 - SUBJECT ADDED ENTRY--TOPICAL TERM
Topical term or geographic name entry element Industrial productivity.
General subdivision Case studies.
9 (RLIN) 6921
700 1# - ADDED ENTRY--PERSONAL NAME
Personal name McGarrah, Robert E.
9 (RLIN) 6922
852 41 - LOCATION
Location British Library
Sublocation or collection DSC
852 41 - LOCATION
Location British Library
Sublocation or collection HMNTS
942 ## - ADDED ENTRY ELEMENTS (KOHA)
Source of classification or shelving scheme
Koha item type Book
Holdings
Withdrawn status Lost status Source of classification or shelving scheme Damaged status Not for loan Collection code Home library Current library Shelving location Date acquired Inventory number Total Checkouts Full call number Barcode Date last seen Price effective from Koha item type
          NON-FICTION AKMAL Melaka AKMAL Melaka PINJAMAN 23.05.2017 600582   658.503 CHE 201704563 23.05.2017 23.05.2017 Book
Pusat Sumber Maklumat Dato' Haji Sarmin Md Hussin, Akademi Kastam Diraja Malaysia, Melaka
Tel: 06-2331106 | Faks: 06-2313787